00378 a2200109 4500001001000000005001700010008004100027245005500068100002400123773010400147999001700251ART_2596020260410161935.0260409a 10aReflexiones sobre algunos indicadores económicos1 aAlemann, Roberto T.0 tAnales de la Academia Nacional de Ciencias Económicasg- Vol. XLVII, (2002) (ene. 2002)wREV25596 c28956d28956